| 000 | 00577nam a22001577a 4500 | ||
|---|---|---|---|
| 003 | OSt | ||
| 005 | 20151101091031.0 | ||
| 008 | 151101b xxu||||| |||| 00| 0 eng d | ||
| 040 | _cRUA | ||
| 082 | _aFOR សួន 1989 B115 Or.1 | ||
| 100 |
_93100 _aសួន ប៊ុនថន |
||
| 245 | _aគមរោងដាំព្រៃឈើឡើងវិញ និងវិធានការបង្កើនធនធានព្រៃឈើនៅភខេត្តកំពង់ស្ពឺ | ||
| 260 |
_aPhnom Penh _bRUA _c1989 |
||
| 300 |
_a72p. _bill. _c29cm. |
||
| 942 |
_2ddc _cFOR |
||
| 999 |
_c2889 _d2889 |
||